| 000 | 00571nam a2200241Ia 4500 | ||
|---|---|---|---|
| 003 | OSt | ||
| 005 | 20221005130813.0 | ||
| 006 | a|||||r|||| 00| 0 | ||
| 007 | ta | ||
| 008 | 221004b |||||||| |||| 00| 0 guj d | ||
| 024 | _a46412 | ||
| 037 | _cTextual | ||
| 040 |
_aCRL _cCRL _bguj |
||
| 041 |
_2guj _aguj |
||
| 082 | _aO156,1N15,1, H2 | ||
| 100 | _aPathak | ||
| 245 | 0 | _aSamvedana | |
| 260 | _c1942 | ||
| 300 |
_a124p. _ccm. |
||
| 650 | _aGUJRATI LITERATURE | ||
| 942 |
_hO156,1N15,1, H2 _cTEXL _2cc |
||
| 999 |
_c1058453 _d1058453 |
||